[Event "It (open)"]
[Site "Oberwart (Austria)"]
[Round "1"]
[White "Stanec Nikolaus (AUT)"]
[Black "Schumi Manfred (AUT)"]
[Result "1-0"]
[WhiteElo "2560"]
[BlackElo "2225"]

{ Stanec Nikolaus (AUT) +2 =1 -0 Schumi Manfred (AUT) +2 =0 -0 } 1.c4 { 1 }
1...g6 2.Nc3 Bg7 3.g3 e5 4.Bg2 Nc6 5.d3 d6 6.Nf3 f5 7.O-O Nf6 { = } 8.Bg5 (
8.Rb1 a5 9.Nd5 O-O 10.Bg5 Be6 11.e3 Rf7 12.Nd2 h6 13.Bxf6 Bxf6 14.Nxf6+ Rxf6
15.Qb3 Rb8 16.a3 Kg7 17.Rfe1 Rf8 18.Qc3 Qf6 19.b4 axb4 20.axb4 g5 21.b5 Ne7
22.Ra1 b6 23.Ra7 Rbc8 24.Rea1 Rf7 25.d4 Ng6 26.Rb7 f4 27.Ne4 Qf5 { ...1-0,
Smirin Ilia 2640 - Moutousis Konstantinos 2425 , Biel 1993 Izt } ) 8...h6
9.Bxf6 Qxf6 10.Nd5 ( 10.Rc1 f4 { } ) 10...Qf7 11.b4 ( 11.Rb1 O-O 12.b4 Nd8
13.b5 c6 14.bxc6 bxc6 15.Nd2 Bd7 16.Nb4 Rc8 17.Qb3 h5 18.Qa3 Bh6 19.e3 Be6
20.f4 h4 21.Qa6 hxg3 22.hxg3 exf4 23.gxf4 g5 24.Nxc6 Nxc6 25.Bxc6 gxf4 26.exf4
Qc7 27.Rbe1 Kf7 28.Nb3 Qxc6 29.Qxc6 Rxc6 30.Nd4 Bd7 { ...0-1, Bagri -
Gallagher Joseph G 2514 , Switzerland 2000 Ch Switzerland (team) 2000 } ) (
11.Ne1 Be6 { } ) 11...O-O ( 11...a6 12.Rb1 O-O 13.a4 Nd8 14.Nd2 Ne6 15.Kh1 f4
16.Bh3 Bf6 17.Ne4 Bd8 18.b5 axb5 19.axb5 g5 20.b6 c6 21.Nxd6 Qh5 22.Bxe6+ Bxe6
23.Nc3 Bh3 24.Kg1 f3 25.exf3 Rxf3 26.Re1 Ra3 27.Nde4 Bg4 28.Ra1 Rxa1 29.Qxa1
Rxd3 30.Qa8 Qf7 31.c5 { ...0-1, Neverov Valeriy 2550 - Ibragimov Ildar 2540 ,
Odorheiu Secuiesc 1993 It (a) } ) 12.b5 { N } ( 12.Nd2 Be6 ( 12...Nd4 13.e3
Ne6 14.b5 g5 15.e4 f4 16.Bf3 c6 17.Bh5 Qd7 18.Nc3 Nd4 19.g4 Bf6 20.Nf3 Kg7
21.a4 Qc7 22.a5 Be6 23.a6 Rfb8 24.axb7 Rxb7 25.Ra6 Rb6 26.Qa4 Nxf3+ { 0-1,
Liebert Heinz 2420 - Uhlmann Wolfgang 2570 , Leipzig 1965 It } ) 13.b5 Nd8
14.Qa4 e4 15.Rac1 Bxd5 16.cxd5 Qxd5 17.Rfd1 Qf7 18.dxe4 f4 19.gxf4 Ne6 20.e3
a6 21.b6 cxb6 22.Qb4 b5 23.Qxd6 Rad8 24.Qb6 Bb2 25.Rb1 Ba3 26.Nb3 Rc8 27.e5 g5
28.Bd5 Rc6 29.Bxc6 bxc6 30.Qxc6 gxf4 31.Kh1 Kh8 { ...1-0, Smirin Ilia 2615 -
Dumpor Atif 2295 , Vienna 1998 It (open) } ) ( 12.Rc1 Nd8 13.Qa4 Bd7 14.b5 Ne6
15.Qa3 g5 16.Nd2 Bh8 17.Nb3 f4 18.Nc3 Rab8 19.c5 g4 20.cxd6 f3 21.exf3 gxf3
22.Bh1 Nf4 23.Rfe1 Nxd3 24.dxc7 Rbc8 25.Qd6 Nxe1 26.Rxe1 Qe6 27.Rd1 Qxd6
28.Rxd6 Bf5 29.Nd5 Be4 30.Nc3 Bh7 31.Nd5 e4 { ...0-1, Vandevoort Pascal 2285 -
Relange Eloi 2490 , Bethune 1998 It (open) } ) 12...Nd8 13.Rb1 c6 ( 13...Ne6
14.Nd2 g5 15.e3 Kh8 16.Nb4 Nc5 17.a4 f4 18.g4 Be6 19.a5 e4 20.d4 f3 21.Bh3 h5
22.dxc5 hxg4 23.Nxe4 Qh5 24.Bg2 fxg2 25.Re1 Be5 26.Ng3 Qh3 27.Nd3 Rf6 28.Nxe5
dxe5 29.f4 gxf3 30.Kf2 g1=Q+ { 0-1, Ragozin Evgeni 2495 - Vyzmanavin Alexey
2540 , Helsinki 1992 It (open) } ) 14.bxc6 bxc6 15.Nb4 { } ( 15.Nd2 Bd7 16.Nb4
Rc8 17.Qb3 h5 18.Qa3 Bh6 19.e3 Be6 20.f4 h4 21.Qa6 hxg3 22.hxg3 exf4 23.gxf4
g5 24.Nxc6 Nxc6 25.Bxc6 gxf4 26.exf4 Qc7 27.Rbe1 Kf7 28.Nb3 Qxc6 29.Qxc6 Rxc6
30.Nd4 Bd7 31.Nxc6 Bxc6 32.Rf2 Rg8+ 33.Kf1 Rg4 34.Ke2 Bg7 { ...0-1, Bagri -
Gallagher Joseph G 2514 , Switzerland 2000 Ch Switzerland (team) 2000 } )
15...Be6 { N } 16.Qa4 Rc8 17.Nd2 d5 18.Rbc1 e4 19.e3 { ?! } ( 19.cxd5 { !? }
19...cxd5 20.Rxc8 Bxc8 21.Nb3 { } ) 19...Rb8 20.cxd5 cxd5 21.Nb3 Bd7 22.Qa3
Bb5 23.Rfd1 Re8 24.Qa5 Bf8 25.Nd4 Bc4 { ? } ( { ? } 25...Bxb4 26.Qxb4 Nc6
27.Qc5 Nxd4 { } ) 26.dxc4 Bxb4 27.Qxd5 Ne6 { ?! } ( 27...a5 { !? } 28.g4 Qxd5
29.cxd5 fxg4 { } ) 28.Nc6 Ba3 29.Nxb8 Bxc1 30.Nd7 Rd8 31.c5 { } {#r} 1-0

[Event "Ch Croatia"]
[Site "Rabac (Croatia)"]
[Round "6"]
[White "Fucak Emilijo (CRO)"]
[Black "Jurkovic Hrvoje (CRO)"]
[Result "0-1"]
[WhiteElo "2318"]
[BlackElo "2448"]

1.c4 e5 2.g3 Nc6 3.Bg2 g6 4.Nc3 Bg7 5.d3 d6 6.e4 f5 7.exf5 Bxf5 8.h3 Nge7
9.Nge2 h5 10.Bg5 Qd7 11.Ne4 O-O-O 12.Qa4 Kb8 13.Rc1 Nd4 14.Qa3 Nxe2 15.Kxe2
Rdf8 16.c5 d5 17.c6 Nxc6 18.Nc5 Nd4+ 19.Kd2 Qc6 20.Be3 Bc8 21.Rhf1 Rd8 22.f4
Bh6 23.Rc4 Nb5 24.Qa4 e4 25.Rb4 d4 26.Rxb5 dxe3+ 27.Kxe3 Rhe8 28.Bxe4 Bg7
29.Rc1 Ka8 30.Rc4 Bf8 31.Ra5 Qb6 32.b4 g5 33.Rb5 Qc6 34.Rxb7 Qxa4 35.Rb8+ Kxb8
36.Nd7+ Bxd7 {#R} 0-1

[Event "It (open)"]
[Site "San Fernando (Spain)"]
[Round "8"]
[White "Osuna Vega Enrique (ESP)"]
[Black "Rey Garcia Tomas (ESP)"]
[Result "0-1"]
[WhiteElo "2173"]
[BlackElo "2127"]

1.c4 e5 2.g3 g6 3.Bg2 Bg7 4.Nc3 Nc6 5.d3 d6 6.Rb1 Nge7 7.b4 O-O 8.b5 Nd4 9.e3
Ne6 10.Nge2 f5 11.Qc2 g5 12.Nd5 Ng6 13.f4 gxf4 14.exf4 c6 15.bxc6 bxc6 16.Nb4
exf4 17.Nxc6 Qe8 18.O-O fxg3 19.Nxg3 Bd7 20.Na5 Nd4 21.Qd1 f4 22.Bxa8 Qxa8
23.Ne4 Bh3 24.Rf2 f3 25.Bb2 Qc8 26.Nb3 Qg4+ 27.Ng3 Be5 28.Kh1 Bxg3 29.hxg3 Ne2
30.Qe1 Nxg3+ 31.Kh2 Bf1 32.Rxf1 Qh4+ {#R} 0-1

[Event "Ch Ukraine"]
[Site "Simferopol (Ukraine)"]
[Round "9"]
[White "Savvopulo Anatolij (UKR)"]
[Black "Arutyunova Diana (UKR)"]
[Result "1-0"]
[WhiteElo "2201"]
[BlackElo "2317"]

1.c4 e5 2.Nc3 Nc6 3.g3 d6 4.Bg2 g6 5.d3 Bg7 6.Rb1 a5 7.a3 f5 8.h4 Nf6 9.Bg5 h6
10.Bxf6 Bxf6 11.e3 Bg7 12.Nge2 O-O 13.b4 axb4 14.axb4 f4 15.Bd5+ Kh8 16.Qd2
fxe3 17.Qxe3 Nd4 18.O-O Bh3 19.Bg2 Qd7 20.Kh2 Bxg2 21.Kxg2 Rf3 22.Qe4 Raf8
23.Nxd4 exd4 24.Nd5 R3f5 25.Rbe1 Kh7 26.Ne7 Re8 27.h5 Rf6 28.hxg6+ Kh8 29.Re2
c6 30.Rfe1 d5 31.cxd5 cxd5 32.Qh4 Qb5 33.Rh1 Rff8 34.Re6 Rxe7 35.Qxe7 Qxd3
36.Rxh6+ Kg8 37.Rh8+ Kxh8 38.Qh4+ {#r} 1-0

[Event "Ch Euskadi"]
[Site "Subijana de Alava (Spain)"]
[Round "5"]
[White "Alvarez Ibarra Rafael (ESP)"]
[Black "Arce Balluerca Jorge (ESP)"]
[Result "1-0"]
[WhiteElo "2413"]
[BlackElo "2101"]

1.c4 e5 2.g3 Nc6 3.Bg2 g6 4.Nc3 Bg7 5.d3 d6 6.e4 Nge7 7.Nge2 O-O 8.O-O h6
9.Nd5 Nxd5 10.cxd5 Ne7 11.Be3 c5 12.dxc6 Nxc6 13.d4 Qf6 14.d5 Nb8 15.Rc1 Qe7
16.Qd2 Kh7 17.Rc2 Na6 18.Rfc1 b6 19.b4 Bd7 20.a3 Rfc8 21.Nc3 Nc7 22.Bf1 Ne8
23.Bd3 Qf6 24.Nb5 Rxc2 25.Rxc2 Bh3 26.Be2 Qe7 27.Qc1 Rd8 28.Nc7 Nxc7 29.Rxc7
Rd7 30.Rc6 f5 31.exf5 gxf5 32.Rc4 e4 33.Bf1 Bg4 34.h3 Bf3 35.Bg2 Bxg2 36.Kxg2
Qf7 37.Qd1 Be5 38.Qd2 h5 39.h4 Qg8 {#r} 1-0

[Event "Ch Estonia"]
[Site "Tallinn (Estonia)"]
[Round "6"]
[White "Seeman Tarvo (EST)"]
[Black "Lauk Ular (EST)"]
[Result "1-0"]
[WhiteElo "2421"]
[BlackElo "2374"]

1.g3 d6 2.Bg2 e5 3.c4 Nc6 4.Nc3 g6 5.d3 Bg7 6.e4 h5 7.h3 Be6 8.Nge2 Qd7 9.Nd5
f5 10.exf5 gxf5 11.Bg5 Nd8 12.d4 c6 13.Ne3 Ne7 14.d5 Bg8 15.Bxe7 Kxe7 16.c5
Bh7 17.cxd6+ Qxd6 18.Qb3 Qc5 19.dxc6 Qa5+ 20.Nc3 bxc6 21.O-O Ne6 22.Qb7+ Kf6
23.Qxc6 Rad8 24.Ncd5+ Kf7 25.Qb7+ Kg6 26.Ne7+ Kf6 27.N3d5+ Rxd5 28.Nxd5+ Kg6
29.Qc6 {#r} 1-0

[Event "It (open)"]
[Site "Vienna (Austria)"]
[Round "6"]
[White "Duesterwald Marc (GER)"]
[Black "Posch Werner (AUT)"]
[Result "1-0"]
[WhiteElo "2221"]
[BlackElo "2170"]

1.c4 e5 2.Nc3 Nc6 3.g3 g6 4.Bg2 Bg7 5.d3 d6 6.Nf3 f5 7.O-O Nf6 8.Rb1 O-O 9.b4
a6 10.a4 h6 11.b5 axb5 12.axb5 Ne7 13.Bb2 Be6 14.Ra1 Rc8 15.Ra7 b6 16.Ne1 g5
17.Nc2 f4 18.Nb4 Qd7 19.Na4 Qd8 20.Bb7 Bh3 21.Bxc8 Nxc8 22.Nc6 Qd7 23.Rb7 fxg3
24.hxg3 Ng4 25.c5 Bxf1 26.Nxb6 Qf5 27.Qxf1 Ne3 28.Nxc8 Qf7 29.Nxd6 Qh5 30.Ne7+
Kh7 31.Qb1 Rxf2 32.d4+ Nf5 33.Kxf2 Qh2+ 34.Kf3 Qxg3+ 35.Ke4 Nxe7 36.Rxc7 Qf4+
37.Kd3 e4+ 38.Kc4 {#r} 1-0

[Event "It (open)"]
[Site "Villa Ballester (Argentina)"]
[Round "6"]
[White "Anelli Antonio (ARG)"]
[Black "Rey Fernando (ARG)"]
[Result "1-0"]
[WhiteElo "2331"]
[BlackElo "2202"]

1.c4 e5 2.Nc3 Nc6 3.g3 g6 4.Bg2 Bg7 5.d3 d6 6.Rb1 Be6 7.e4 Qd7 8.Nge2 Nge7
9.O-O O-O 10.b4 f5 11.b5 Nd8 12.Nd5 Nc8 13.Be3 c6 14.bxc6 bxc6 15.Nb4 a5
16.exf5 gxf5 17.Nc2 Ne7 18.f4 Nf7 19.Qd2 a4 20.Rb4 d5 21.fxe5 dxc4 22.dxc4
Qxd2 23.Bxd2 Nxe5 24.Bg5 N7g6 25.Ne3 Rf7 26.Rfb1 h6 27.Bf4 Kh7 28.Bxe5 Nxe5
29.Nd4 Nxc4 30.Nxe6 Nxe3 31.Rb7 Ra7 32.Bxc6 Rfxb7 33.Bxb7 Bf6 34.Kf2 Ng4+
35.Kg2 a3 36.Bc8 Bb2 37.Nf4 Ra5 38.Re1 Rc5 39.Re7+ {#r} 1-0

[Event "Ch Vietnam (juniors) (under 17) (g)"]
[Site "Vjetnam"]
[Round "6"]
[White "Luong Minh Hue (VIE)"]
[Black "Pham Le Thao Nguyen (VIE)"]
[Result "0-1"]
[WhiteElo "2133"]
[BlackElo "2244"]

1.c4 e5 2.Nc3 Nc6 3.g3 g6 4.Bg2 Bg7 5.d3 d6 6.e4 Nge7 7.Be3 Nd4 8.b4 c6 9.Rb1
O-O 10.Qd2 Be6 11.Nce2 Nxe2 12.Nxe2 d5 13.Qc2 f5 14.O-O fxe4 15.dxe4 dxc4
16.Rfd1 Qc7 17.f4 Rad8 18.fxe5 Bxe5 19.Nd4 Bf7 20.a4 b6 21.Bf1 Bxg3 22.Kh1 Be5
23.Bxc4 Rd6 24.Nf3 Rxd1+ 25.Rxd1 Bf6 26.Ng5 Bxg5 27.Bxg5 Qe5 28.Be3 Nf5
29.Bxf7+ {#R} 0-1

[Event "Oberliga Bayern 2002/03"]
[Site "Germany"]
[Date "2003.02.23"]
[Round "7"]
[White "Soergel Frank (GER)"]
[Black "Blodig Reinhard (GER)"]
[Result "0-1"]
[WhiteElo "2138"]
[BlackElo "2210"]

1.c4 e5 2.g3 Nc6 3.Bg2 g6 4.Nc3 Bg7 5.d3 d6 6.e3 Be6 7.Rb1 Nge7 8.Nd5 O-O 9.b4
Qd7 10.b5 Nd8 11.Nxe7+ Qxe7 12.Ne2 Qd7 13.e4 h5 14.O-O Bh3 15.Nc3 Bxg2 16.Kxg2
Ne6 17.Be3 Kh7 18.Nd5 c6 19.bxc6 bxc6 20.Qa4 f5 21.exf5 gxf5 22.f4 Qe8 23.Nb4
exf4 24.Bxf4 Nxf4+ 25.Rxf4 a5 26.Nxc6 Ra6 27.Rb5 Qxc6+ 28.Kh3 Be5 29.Rh4 Qf3
30.Rb1 Kg6 31.d4 Rb6 32.Qc2 Rxb1 33.Qxb1 Rb8 34.Qc1 Bf6 35.Rf4 Qd3 36.Qe1 Qxc4
37.Qd1 Qd5 38.Rh4 Bxh4 {#R} 0-1

[Event "It (open)"]
[Site "Bad Woerishofen (Germany)"]
[Round "8"]
[White "Schlierf Andre (GER)"]
[Black "Mader Sascha (GER)"]
[Result "0-1"]
[WhiteElo "2104"]
[BlackElo "2070"]

1.c4 e5 2.Nc3 Nc6 3.g3 g6 4.Bg2 Bg7 5.d3 d6 6.e4 Nh6 7.Nge2 O-O 8.O-O f5 9.Rb1
a5 10.Nb5 Ng4 11.f3 Nf6 12.Be3 Be6 13.Qd2 fxe4 14.fxe4 Qd7 15.Bh6 Bxh6 16.Qxh6
Nb4 17.Qd2 Nxa2 18.b3 c6 19.Na3 Nb4 20.d4 Kg7 21.Rbd1 Bg4 22.dxe5 dxe5
23.Qxd7+ Nxd7 24.h3 Rxf1+ 25.Bxf1 Be6 26.Nc3 Nc5 27.Rb1 Rd8 28.Rb2 Rd4 29.Bg2
Rd3 {#R} 0-1

[Event "It (open)"]
[Site "Bad Woerishofen (Germany)"]
[Round "1"]
[White "Werninghaus Klaus-Peter (GER)"]
[Black "Pohl Walter (GER)"]
[Result "0-1"]
[WhiteElo "2018"]
[BlackElo "2217"]

1.c4 e5 2.Nc3 Nc6 3.g3 g6 4.Bg2 Bg7 5.d3 d6 6.Nf3 f5 7.O-O Nf6 8.Bg5 h6 9.Bxf6
Qxf6 10.Nd5 Qf7 11.Rb1 O-O 12.e4 fxe4 13.Nd2 exd3 14.Ne4 Nd4 15.Qxd3 Be6 16.f4
Bxd5 17.fxe5 Bxc4 18.Qxd4 Bxe5 19.Qe3 Bxf1 20.Rxf1 Qg7 21.Rxf8+ Rxf8 22.Qb3+
Kh7 23.Qxb7 Bxb2 24.Qd5 Qd4+ 25.Qxd4 Bxd4+ 26.Kh1 d5 27.Nd2 c6 28.Nf3 c5
29.Nxd4 cxd4 30.Bxd5 d3 {#R} 0-1

[Event "Dos Hermanas Qualifier (15-A)"]
[Site "Internet"]
[Date "2003.03.15"]
[Round "1"]
[White "Nogueiras Jesus (CUB)"]
[Black "Pech Vaclav (CZE)"]
[Result "1-0"]
[WhiteElo "2546"]
[BlackElo "2109"]

1.c4 g6 2.Nc3 Bg7 3.g3 d6 4.Bg2 e5 5.d3 Nc6 6.e4 Nge7 7.Nge2 O-O 8.O-O Be6
9.Nd5 Nd4 10.Nxd4 exd4 11.Bg5 f6 12.Bd2 c6 13.Nf4 Bf7 14.Bh3 f5 15.Qe2 Qe8
16.Rae1 Be5 17.Ng2 fxe4 18.Qxe4 Nf5 19.g4 Ng7 20.Bg5 Ne6 21.Bh6 Ng7 22.f4 Bf6
23.Qf3 Qd7 24.g5 Bd8 25.Bxd7 {#r} 1-0

[Event "It (open)"]
[Site "Bratto (Italy)"]
[Date "2003.08.25"]
[Round "5"]
[White "Lovati Paolo (ITA)"]
[Black "Shytaj Luca (ITA)"]
[Result "0-1"]
[WhiteElo "2082"]
[BlackElo "2356"]

1.c4 e5 2.g3 Nc6 3.Bg2 g6 4.Nc3 Bg7 5.d3 d6 6.Nf3 Nge7 7.O-O O-O 8.Rb1 f5
9.Bd2 h6 10.b4 g5 11.Nd5 Ng6 12.b5 Nce7 13.Ba5 b6 14.Nd2 e4 15.Bc3 Nxd5
16.Bxg7 Kxg7 17.cxd5 exd3 18.exd3 a6 19.a4 axb5 20.axb5 Qf6 21.Qc1 Rf7 22.Rb3
Re7 23.Rc3 Ra7 24.Nb3 Bd7 25.Rxc7 Bxb5 26.Rxa7 Rxa7 27.Qe3 Rb7 28.Nd4 Bd7
29.f4 gxf4 30.gxf4 b5 31.Ne6+ Kh7 32.Kh1 b4 33.Rb1 Nh4 34.d4 Rb8 35.Bf1 Qg6
36.Qg3 Bxe6 37.dxe6 Qxe6 38.Bd3 Qd5+ {#R} 0-1

[Event "It (open)"]
[Site "Marianske Lazne (Czech Republic)"]
[Round "9"]
[White "Baeuml Ulrich (GER)"]
[Black "Zemerov Vladimir (RUS)"]
[Result "0-1"]
[WhiteElo "2113"]
[BlackElo "2325"]

1.c4 e5 2.g3 g6 3.Bg2 Bg7 4.Nc3 Nc6 5.d3 d6 6.e3 h5 7.h4 Nge7 8.Rb1 Be6 9.Nge2
d5 10.cxd5 Nxd5 11.O-O O-O 12.a3 a5 13.Qc2 Nf6 14.Na4 Qc8 15.Rd1 Bh3 16.Bh1
Bg4 17.Nc5 Nd8 18.Re1 c6 19.Nc3 b6 20.N5e4 Rb8 21.Bd2 Qd7 22.Nxf6+ Bxf6 23.Ne4
Bg7 24.b4 axb4 25.Bxb4 Re8 26.Rec1 Qa7 27.Nd6 Re6 28.Bxc6 Rxd6 29.Bxd6 Rc8
30.Qb3 Nxc6 31.Qxb6 Qd7 32.Bb4 Bf3 33.Kh2 Qxd3 34.Rb2 Qf5 35.Rbc2 Be4 36.Rd2
Qf3 37.Rg1 Nxb4 {#R} 0-1

[Event "Memorial Tringov (open)"]
[Site "Plovdiv (Bulgaria)"]
[Date "2004.02.16"]
[Round "1"]
[White "Videnova Iva (BUL)"]
[Black "Drenchev Petar (BUL)"]
[Result "0-1"]
[WhiteElo "1993"]
[BlackElo "2404"]

1.g3 e5 2.Bg2 Nc6 3.c4 g6 4.Nc3 Bg7 5.d3 d6 6.e4 h5 7.h3 Be6 8.Be3 Nd4 9.Qd2
Ne7 10.Nge2 Qd7 11.b4 c6 12.Rb1 h4 13.g4 Bxg4 14.hxg4 h3 15.Bxd4 exd4 16.Bxh3
dxc3 17.Nxc3 d5 18.f4 dxc4 19.dxc4 Qe6 20.Rd1 Bxc3 21.Qxc3 Qxe4+ 22.Kf2 Qxf4+
23.Ke2 f6 24.Rd3 Qe4+ 25.Re3 Qxh1 26.Qxf6 O-O-O {#R} 0-1

[Event "Bundesliga 2003/04"]
[Site "Germany"]
[Date "2004.03.07"]
[Round "11"]
[White "Wahls Matthias (GER)"]
[Black "Siebrecht Sebastian (GER)"]
[Result "1-0"]
[WhiteElo "2551"]
[BlackElo "2366"]

1.c4 g6 2.Nc3 Bg7 3.g3 e5 4.Bg2 Nc6 5.d3 d6 6.e4 Nd4 7.Nge2 Bg4 8.h3 Bf3
9.Bxf3 Nxf3+ 10.Kf1 c6 11.Kg2 Nd4 12.Nxd4 exd4 13.Ne2 a5 14.Bf4 Ne7 15.Qd2 h6
16.g4 Qd7 17.a3 a4 18.Rab1 f5 19.exf5 gxf5 20.Ng3 fxg4 21.hxg4 Qxg4 22.Rbe1
O-O 23.Rxe7 Rxf4 24.Rxg7+ {#r} 1-0

[Event "Bayern Oberliga 2003/04"]
[Site "Bayern (Germany)"]
[Date "2004.03.28"]
[Round "8"]
[White "Soergel Frank (GER)"]
[Black "Fedorovsky Michael (GER)"]
[Result "0-1"]
[WhiteElo "2138"]
[BlackElo "2312"]

1.g3 e5 2.c4 Nc6 3.Bg2 g6 4.Nc3 Bg7 5.d3 d6 6.e3 Nf6 7.Nge2 Be6 8.Nd5 O-O
9.O-O Qd7 10.Nec3 Bh3 11.Nxf6+ Bxf6 12.Nd5 Bd8 13.b4 Bxg2 14.Kxg2 f5 15.Bb2
Ne7 16.Nxe7+ Bxe7 17.f4 exf4 18.exf4 d5 19.c5 b6 20.Bd4 bxc5 21.Bxc5 Bxc5
22.bxc5 Rab8 23.Qc2 Rb5 24.Rab1 Rfb8 25.Rxb5 Qxb5 26.Rf2 Re8 27.Kf3 d4 28.Qc4+
Qxc4 29.dxc4 Re3+ 30.Kg2 Rc3 31.Rb2 Rxc4 32.Rb7 Rxc5 33.Rxa7 Kf7 34.Kf2 Rc2+
35.Ke1 Ke6 36.Kd1 d3 37.Ra3 Rxh2 38.Rxd3 Rxa2 39.Rd8 Ra3 40.Rh8 h5 {#R} 0-1

[Event "Ch Russia (juniors) (under 14)"]
[Site "Dagomys (Russia)"]
[Round "10"]
[White "Nikologorsky Matfei (RUS)"]
[Black "Zakharov Alexander (RUS)"]
[Result "0-1"]
[WhiteElo "2231"]
[BlackElo "2411"]

1.c4 e5 2.Nc3 Nc6 3.g3 g6 4.Bg2 Bg7 5.d3 d6 6.Nf3 Nh6 7.O-O O-O 8.Nd5 Be6
9.Bg5 f6 10.Bd2 Qd7 11.b4 a6 12.a4 Bh3 13.Bxh3 Qxh3 14.Bxh6 Bxh6 15.Nxc7 Rad8
16.Nd5 f5 17.b5 Nb8 18.Nc7 f4 19.c5 fxg3 20.hxg3 Kh8 21.Qb3 Be3 22.Qd5 Rf5
23.Nh2 Qxg3+ 24.Kh1 Bxf2 25.cxd6 Bd4 26.Rac1 Be3 27.Rb1 Bf4 28.Rxf4 Rh5 29.Qg2
Qxg2+ 30.Kxg2 exf4 {#R} 0-1

[Event "Ch Russia (juniors) (under 18) (g)"]
[Site "Dagomys (Russia)"]
[Round "0"]
[White "Kadtsyna Yuliya (RUS)"]
[Black "Akatova Ekaterina (RUS)"]
[Result "0-1"]
[WhiteElo "2085"]
[BlackElo "2165"]

1.c4 e5 2.Nc3 Nc6 3.g3 g6 4.Bg2 Bg7 5.d3 d6 6.e3 Be6 7.Nge2 Qd7 8.Nd5 Nd8
9.O-O c6 10.Ndc3 Bh3 11.d4 Bxg2 12.Kxg2 Nf6 13.dxe5 dxe5 14.Qxd7+ Nxd7 15.Ne4
f5 16.Nd6+ Ke7 17.Rd1 e4 18.Bd2 Rf8 19.Bb4 c5 20.Ba3 b6 21.Nf4 Ne6 22.Nxe6
Kxe6 23.Nb5 Be5 24.Rac1 a6 25.Nc3 Bxc3 26.Rxc3 Ne5 27.b4 Rfd8 28.Rb1 Rab8
29.bxc5 bxc5 30.Rxb8 Rxb8 {#R} 0-1

[Event "Ch France (team) (2) 2003/04"]
[Site "France"]
[Date "2004.04.03"]
[Round "10"]
[White "Larand Manuel (FRA)"]
[Black "Gicquel Frederic (FRA)"]
[Result "0-1"]
[WhiteElo "2051"]
[BlackElo "2210"]

1.c4 e5 2.Nc3 Nc6 3.g3 g6 4.Bg2 Bg7 5.d3 d6 6.e4 Nge7 7.Nge2 O-O 8.O-O Be6
9.Nd5 Qd7 10.Be3 Nd4 11.Nxd4 exd4 12.Bh6 Qd8 13.Bxg7 Kxg7 14.Qb3 c6 15.Nf4 Bc8
16.Rfe1 Qc7 17.Qa3 b6 18.b4 g5 19.Ne2 c5 20.e5 Bg4 21.exd6 Qxd6 22.bxc5 bxc5
23.Nxd4 Qxd4 24.Rxe7 Qxa1+ {#R} 0-1

[Event "It \"]
[Site "Mehlingen (Germany)"]
[Date "2004.06.10"]
[Round "2"]
[White "Guldner Felix (GER)"]
[Black "Drizovskiy Alexander (GER)"]
[Result "0-1"]
[WhiteElo "2025"]
[BlackElo "2141"]

1.c4 e5 2.Nc3 Nc6 3.g3 g6 4.Bg2 Bg7 5.d3 d6 6.Nf3 Nf6 7.O-O O-O 8.Rb1 Bg4 9.h3
Bd7 10.a3 h6 11.b4 g5 12.Nd2 Qc8 13.Kh2 Ne8 14.Bb2 f5 15.f4 Nf6 16.b5 Ne7
17.e4 exf4 18.gxf4 gxf4 19.Rxf4 Ng6 20.Rf1 Nh4 21.Qe2 c6 22.a4 Qc7 23.Kh1 Nh7
24.Qf2 Qd8 25.Qg3 Qg5 26.Qxg5 Nxg5 27.Rf4 Nxg2 28.Kxg2 fxe4 29.Rxf8+ Rxf8
30.h4 Bh3+ 31.Kh1 Rf2 32.hxg5 Rxd2 33.gxh6 Bg2+ 34.Kh2 Be5+ 35.Kg1 Bd4+ 36.Kh2
Bf1+ {#R} 0-1

[Event "Ch World FIDE (KO-system)"]
[Site "Tripoli (Libya)"]
[Date "2004.06.22"]
[Round "2"]
[White "Movsesian Sergei (SVK)"]
[Black "Acs Peter (HUN)"]
[Result "1-0"]
[WhiteElo "2629"]
[BlackElo "2521"]

{ } 1.g3 { 1 } 1...e5 2.Bg2 Nc6 3.d3 g6 4.c4 Bg7 5.Nc3 d6 6.e3 Nge7 7.Nge2 {
?/= } 7...h5 ( 7...O-O 8.O-O Bg4 9.h3 Be6 10.Nd5 Qd7 11.Kh2 Rae8 12.Rb1 f5
13.b4 Nc8 { 1/2-1/2, Stohl Igor 2545 - Kramnik Vladimir 2710 , Salzburg 1993
Staatsliga } ) 8.h3 { } ( 8.h4 Bg4 9.b3 O-O 10.Bb2 Rb8 11.O-O a6 12.Qd2 b5
13.Nd5 Na7 14.Nec3 c6 15.Nxe7+ Qxe7 16.d4 exd4 17.exd4 bxc4 18.bxc4 d5 19.a4
Qf6 20.Ba3 Qxd4 21.Qxd4 Bxd4 22.Bxf8 Kxf8 23.Rab1 Rxb1 24.Nxb1 Be2 25.cxd5 {
1/2-1/2, Barbero Gerardo F 2441 - Chernin Alexander 2615 , Graz 1993
Staatsliga } ) 8...Bd7 { N } ( 8...h4 9.e4 ( 9.g4 f5 10.gxf5 Bxf5 11.Nd5 Qd7
12.e4 Be6 13.Bg5 Ng8 14.Qd2 Nd8 15.Qa5 b6 16.Qa6 Nf7 17.Be3 Nf6 18.Qb7 Rc8
19.Qxa7 O-O 20.Qa3 Nh5 21.Bf3 Nf6 22.Rg1 Nxd5 23.exd5 Bxh3 24.Be4 Bf5 25.Nc3
Nh6 26.Bxf5 Nxf5 27.Ne4 Nxe3 28.fxe3 { ...1/2-1/2, Mitkov Marjan 2413 -
Miladinovic Igor 2495 , Ohrid 2001 Ch Europe } ) 9...hxg3 10.fxg3 Be6 11.Nd5
Qd7 12.Bg5 Ng8 13.Qd2 f6 14.Be3 Nd8 15.Qa5 b6 16.Qa6 Ne7 17.g4 O-O 18.g5 fxg5
19.Bxg5 Nec6 20.Qa4 Rf7 21.Be3 Nb7 22.Kd2 Raf8 23.Raf1 Nc5 24.Rxf7 Rxf7 25.Qd1
Bxd5 26.exd5 Nb4 27.Nc1 Bh6 28.Rf1 { ...0-1, Fatin Tarek 2375 - Wolff Patrick
G 2540 , Hastings 1990 It (open) } ) ( 8...Be6 9.Nd5 Qd7 10.Qd2 ( 10.Qa4 Bxd5
11.cxd5 Nd8 12.Qb3 O-O 13.d4 c6 14.dxc6 bxc6 15.dxe5 Bxe5 16.Bd2 Qb7 17.Qxb7
Nxb7 18.Nc3 Nc5 19.Ke2 Rab8 20.b3 Rfc8 21.Rac1 f5 22.Rc2 Kf7 23.Rhc1 Ke6
24.Be1 Bf6 25.Nb1 Ne4 26.Rc4 d5 27.Ra4 Rb7 28.Bb4 { ...1-0, Csom Istvan 2425 -
Konrad Edmund 2204 , Austria 2001 Staatsliga B Mittel 2001/02 } ) 10...a6
11.b3 Rb8 12.Bb2 b5 13.Nxe7 Nxe7 14.d4 f6 15.d5 Bf7 16.Rc1 h4 17.g4 f5 18.g5
O-O 19.f4 bxc4 20.Rxc4 e4 21.Bxg7 Kxg7 22.Nc3 c5 23.Kf2 Qb7 24.Rd1 Be8 25.Qb2
Kg8 26.Bxe4 Bb5 27.Bd3 Bxc4 28.Bxc4 { ...1/2-1/2, Sokolov Andrei 2580 - Bern
Ivar 2360 , Cappelle la Grande 1994 It (open) } ) ( 8...O-O 9.O-O Be6 10.Nd5
Nf5 11.Rb1 Nce7 12.e4 Nh6 13.f4 c6 14.Nxe7+ Qxe7 15.f5 gxf5 16.Nc3 f6 17.Qxh5
Qf7 18.Qxf7+ Kxf7 19.Bxh6 Bxh6 20.exf5 Be3+ 21.Kh2 Bd7 22.b4 a6 23.a4 Ke7
24.Be4 Rh8 25.Rb3 Kd8 26.b5 axb5 27.axb5 Bd4 28.h4 { ...1-0, Markowski Tomasz
2515 - Szelag Marcin 2290 , Koszalin 1997 It (open) (a) } ) 9.Qd2 Qc8 10.b3
Nd8 { ?! } ( 10...Bf5 { !? } 11.Bb2 Qd7 12.Rc1 O-O-O { } ) 11.Bb2 O-O { ?! } (
11...Ndc6 { !? } 12.Rd1 Bf5 13.Ne4 Qd7 { } ) 12.g4 h4 13.d4 a5 14.f4 { ?! } (
14.dxe5 { !? } 14...dxe5 15.O-O Ndc6 16.Nd5 { } ) 14...a4 15.bxa4 exd4 16.Nxd4
{ ?! } ( 16.exd4 { !? } 16...Ne6 17.O-O Nxd4 { } ) 16...Ndc6 17.O-O Na5 18.Qd3
Re8 19.Rae1 Nac6 20.Re2 { ?! } ( 20.Ba3 { !? } 20...Qd8 21.Nf3 Nc8 22.g5 { } )
20...Nxd4 { ?! } ( 20...f5 { !? } 21.Nd5 Rxa4 22.Nxc6 Bxc6 { } ) 21.exd4 Nc6
22.Ne4 { ?! } ( 22.Rxe8+ { !? } 22...Qxe8 23.Nd5 Rxa4 24.Nxc7 { } ) 22...Rxa4
{ ? } ( { ? } 22...Nb4 23.Qd2 Rxa4 24.d5 { } ) 23.d5 Nb4 24.Qd1 f6 { ?! } (
24...Qd8 { !? } 25.Bxg7 Kxg7 26.Qa1+ f6 { } ) 25.a3 Na6 26.Nxf6+ Bxf6 27.Bxf6
Rxe2 28.Qxe2 Qe8 29.Qf2 Rxa3 30.Re1 { } {#r} 1-0

[Event "It"]
[Site "St. Lo (France)"]
[Date "2004.07.13"]
[Round "6"]
[White "Shoker Samy (EGY)"]
[Black "Tripoteau Nicolas (FRA)"]
[Result "1-0"]
[WhiteElo "2305"]
[BlackElo "2250"]

1.g3 g6 2.Bg2 Bg7 3.c4 d6 4.Nc3 e5 5.d3 Nc6 6.Rb1 Nge7 7.b4 a6 8.e3 Be6 9.Nd5
O-O 10.Ne2 Qd7 11.a4 Bh3 12.Nxe7+ Nxe7 13.Bxb7 Rab8 14.Bf3 d5 15.c5 h5 16.Bd2
Rfd8 17.Ng1 Bf5 18.Be2 d4 19.e4 Be6 20.Nf3 f6 21.O-O Bh3 22.Re1 g5 23.Bf1 Ng6
24.c6 Qc8 25.b5 Bxf1 26.Rxf1 axb5 27.Rxb5 Rxb5 28.axb5 Qh3 29.Bxg5 fxg5
30.Nxg5 Qc8 31.Qxh5 Rd6 32.f4 exf4 33.e5 Qh3 {#r} 1-0